<?xml version="1.0" encoding="UTF-8"?>
<marc:record xmlns:marc="http://www.loc.gov/MARC21/slim">
   <marc:leader>00000nam a2200000 a 4500</marc:leader>
   <marc:datafield ind1="1" ind2=" " tag="100">
      <marc:subfield code="a">Holler, Renée</marc:subfield>
      <marc:subfield code="4">aut</marc:subfield>
      <marc:subfield code="e">Verfasser/-in</marc:subfield>
   </marc:datafield>
   <marc:datafield ind1=" " ind2=" " tag="653">
      <marc:subfield code="a">Germanen</marc:subfield>
   </marc:datafield>
   <marc:datafield ind1=" " ind2=" " tag="653">
      <marc:subfield code="a">2. Jhdt.</marc:subfield>
   </marc:datafield>
   <marc:datafield ind1=" " ind2=" " tag="653">
      <marc:subfield code="a">Ratekrimi</marc:subfield>
   </marc:datafield>
   <marc:datafield ind1=" " ind2=" " tag="653">
      <marc:subfield code="a">Autor Deutschland</marc:subfield>
   </marc:datafield>
   <marc:datafield ind1="0" ind2="0" tag="245">
      <marc:subfield code="a">Überfall im Heiligen Hain</marc:subfield>
   </marc:datafield>
   <marc:datafield ind1="0" ind2="0" tag="245">
      <marc:subfield code="c">Renée Holler. Ill. von Hauke Kock</marc:subfield>
   </marc:datafield>
   <marc:datafield ind1=" " ind2="1" tag="264">
      <marc:subfield code="a">Bindlach</marc:subfield>
      <marc:subfield code="b">Loewe</marc:subfield>
      <marc:subfield code="c">2009</marc:subfield>
   </marc:datafield>
   <marc:datafield ind1="1" ind2=" " tag="490">
      <marc:subfield code="a">Tatort Geschichte</marc:subfield>
      <marc:subfield code="v">TATORT GESCHICHTE REIHE</marc:subfield>
   </marc:datafield>
   <marc:datafield ind1="1" ind2=" " tag="520">
      <marc:subfield code="a">Quelle: bn.bibliotheksnachrichten (http://www.biblio.at/literatur/bn/index.html); #Autor: Susanna Schrampf; #Ratekrimi aus der Reihe "Tatort Geschichte" - verpackt in ein spannendes Abenteuer bei einem germanischen Stamm in Rätien aus dem Jahr 166 n.Chr. (ab 10) (JE)##Dieser Ratekrimi verbindet mit der Geschichte eines Überfalls auf die weise Frau des Stammes und des Diebstahls ihrer heiligen Pferde gleichzeitig eine realistische Schilderung des Tagesablaufs von germanischen Stämmen zur Zeit der römischen Besatzung. Hakon, sein jüngerer Bruder Ragin, deren Schwester Sunja und ihre Freundin Gelsa entdecken die beim Überfall schwer verletzte, weise Alrun. Sie beherrscht die Kunst des Runenlesens und braucht als Priesterin die heiligen Pferde, um sich mit den Göttern zu verständigen. Jetzt sind die Pferde verschwunden. Als Alrun zu sich kommt, liest sie die Runen. Das Orakel besagt, dass ein Römer die Pferde gestohlen hat und dass großes Unheil droht. Der Dorfvorsteher verdächtigt Hakons ältesten Bruder Otwin, der bei den Römern als Legionär arbeitet, und lässt ihn, als er seine Familie besuchen kommt, sofort einsperren. Er soll in einer Woche beim Thing, der öffentlichen Gerichtsverhandlung, seiner gerechten Strafe zugeführt werden. Nach germanischem Recht würde aber nicht nur Otwin bestraft, sondern es würde nach dem Gesetz der Sippenhaftung auch die gesamte Familie aus dem Dorfverband verwiesen werden. Die Geschwister und Gelsa haben also nur sieben Tage, um zu beweisen, dass Otwin nicht der Täter war#Das Buch ist in einzelne Kapitel gegliedert, an deren Ende von den jungen LeserInnen zusätzlich ein für das Geschehen wichtiges Rätsel zu lösen oder eine knifflige Frage zu beantworten ist. Ein Glossar der germanischen Ausdrücke, eine Zeittafel sowie eine kurze Information über die Germanen runden den historischen Einblick gekonnt ab. Spannend geschrieben und vergnüglich zu lesen.</marc:subfield>
   </marc:datafield>
   <marc:datafield ind1=" " ind2=" " tag="020">
      <marc:subfield code="a">9783785563595</marc:subfield>
      <marc:subfield code="9">9783785563595</marc:subfield>
   </marc:datafield>
   <marc:datafield ind1=" " ind2=" " tag="041">
      <marc:subfield code="a">ger</marc:subfield>
   </marc:datafield>
   <marc:datafield ind1=" " ind2=" " tag="300">
      <marc:subfield code="a">121 S.</marc:subfield>
   </marc:datafield>
</marc:record>
